000 00330 a2200121 4500
000 nam a22 7a 4500
005 20260424095942.0
020 _a9780691124797
100 _aNicholas Bardsley
_91235596
245 _aExperimental Economics : Rethinking the Rules
260 _bPrinceton University Press
_c2010
942 _cTEXL
999 _c1848480
_d1848480